[Event "Rodovremesterskabet Gruppe A 2009"]
[Site "Rodovre"]
[Date "2009.09.01"]
[Round "1"]
[White "Helleshoj, Knud Erik"]
[Black "Enemark, Bjorn"]
[Result "1-0"]
[WhiteElo "1599"]
[BlackElo "1647"]
[PlyCount "115"]
[EventDate "2009.??.??"]

1. e4 e5 2. Nf3 Nc6 3. d4 exd4 4. c3 dxc3 5. Nxc3 Bb4 6. Bc4 Bxc3+ 7. bxc3 d6
8. Qb3 Be6 9. Bxe6 fxe6 10. Qxb7 Kd7 11. Nd4 Nge7 12. Bg5 Rb8 13. Qa6 Rb6 14.
Qa4 Qa8 15. O-O h6 16. Be3 e5 17. Nf5 Nxf5 18. Bxb6 axb6 19. Qxa8 Rxa8 20. exf5
Ne7 21. g4 Nd5 22. c4 Nf4 23. a4 Ra5 24. Ra2 Rc5 25. Rc2 d5 26. Rd1 d4 27. Kf1
Nd5 28. Rb1 Nc3 29. Rb4 Ra5 30. Rxc3 dxc3 31. Ke2 Kd6 32. Kd3 c2 33. Kxc2 Kc5
34. Kc3 c6 35. h4 Ra8 36. f3 Rd8 37. Rb1 Rd4 38. Re1 Rxc4+ 39. Kb3 Rb4+ 40. Ka3
Rf4 41. Rxe5+ Kd6 42. Re6+ Kd7 43. Rg6 Rxf3+ 44. Kb4 Rf4+ 45. Kb3 Ke7 46. Rxg7+
Kf8 47. Rg6 Kf7 48. Rxc6 Rxg4 49. Rxh6 Rf4 50. Rxb6 Rxf5 51. Rb4 Rh5 52. Rd4
Kf6 53. Kb4 Ke5 54. Rc4 Kd6 55. a5 Rd5 56. a6 Rd1 57. Kb5 Rb1+ 58. Rb4 1-0

[Event "Rodovremesterskabet Gruppe A 2009"]
[Site "Rodovre"]
[Date "2009.09.01"]
[Round "1"]
[White "Hardarson, Gisli"]
[Black "Ohayv, Nikolaj"]
[Result "0-1"]
[WhiteElo "1602"]
[BlackElo "1800"]
[PlyCount "54"]
[EventDate "2009.??.??"]

1. e4 c5 2. Nf3 d6 3. d4 cxd4 4. Nxd4 Nf6 5. Nc3 g6 6. Bg5 Bg7 7. Qd2 h6 8. Bh4
O-O 9. Be2 a6 10. a4 b6 11. O-O Bb7 12. Bxf6 Bxf6 13. Nd5 Bg7 14. Bc4 Nd7 15.
f3 Rc8 16. Bb3 Nc5 17. c3 Bxd4+ 18. cxd4 Nxb3 19. Qxh6 Bxd5 20. exd5 Nxa1 21.
f4 e6 22. f5 exf5 23. g4 fxg4 24. h4 gxh3 25. Rf3 Qd7 26. Rf4 Qe7 27. Rf1 Rfe8
0-1

[Event "Rodovremesterskabet Gruppe A 2009"]
[Site "Rodovre"]
[Date "2009.09.01"]
[Round "1"]
[White "Hjort, Helge"]
[Black "Smidt, Johnny"]
[Result "1-0"]
[WhiteElo "1828"]
[BlackElo "1656"]
[PlyCount "117"]
[EventDate "2009.??.??"]

1. c4 e5 2. g3 Nf6 3. Bg2 d5 4. cxd5 Nxd5 5. Nc3 Be6 6. Nf3 Nc6 7. O-O Be7 8.
d3 O-O 9. Bd2 Rb8 10. Qc1 h6 11. Ne4 Bg4 12. h3 Bxf3 13. Bxf3 Nd4 14. Kg2 Nxf3
15. Kxf3 f5 16. Nc5 Qd6 17. Nb3 e4+ 18. Kg2 exd3 19. exd3 f4 20. Qc4 Kh8 21.
Rae1 Rbd8 22. d4 a6 23. a3 b5 24. Qc2 Qf6 25. Qe4 Rfe8 26. Bxf4 Nxf4+ 27. Qxf4
Qc6+ 28. Qf3 Qg6 29. Qe4 Qd6 30. Qe6 Bf8 31. Qxd6 Bxd6 32. f4 h5 33. Kf3 Kh7
34. Re4 Rxe4 35. Kxe4 Re8+ 36. Kd3 Kg6 37. Nd2 Kf5 38. Nf3 a5 39. Nh4+ Kf6 40.
Nf3 c5 41. Ne5 cxd4 42. Kxd4 Rd8 43. Ke4 Bc5 44. Rc1 Bd6 45. Rc6 Ke7 46. Rb6
Bxe5 47. Kxe5 Rd3 48. Rb7+ Kf8 49. g4 Rxh3 50. g5 Re3+ 51. Kf5 Rb3 52. Rb8+ Ke7
53. g6 h4 54. Rg8 h3 55. Rxg7+ Kf8 56. Rh7 Kg8 57. Kf6 Rf3 58. f5 Rg3 59. Rd7
1-0

[Event "Rodovremesterskabet Gruppe A 2009"]
[Site "Rodovre"]
[Date "2009.09.01"]
[Round "1"]
[White "Bauers, Sten"]
[Black "Andersen, Svend Erik"]
[Result "1/2-1/2"]
[WhiteElo "1586"]
[BlackElo "1814"]
[PlyCount "100"]
[EventDate "2009.??.??"]

1. e4 c5 2. Nf3 e6 3. d4 cxd4 4. c3 Nf6 5. e5 Nd5 6. c4 Nb6 7. Nxd4 Nc6 8. Bf4
Bb4+ 9. Nc3 O-O 10. Ndb5 a6 11. Nd6 f6 12. a3 Bxc3+ 13. bxc3 fxe5 14. Be3 Rb8
15. a4 Na8 16. Be2 b6 17. Bf3 Bb7 18. Rb1 Na5 19. Bxb7 Nxb7 20. Nxb7 Rxb7 21.
Bc5 Rf7 22. Bd6 Qh4 23. Qe2 e4 24. Bg3 Qf6 25. O-O d5 26. cxd5 exd5 27. Qxa6
Qd8 28. Rfd1 Rfd7 29. h3 Ra7 30. Qb5 Ra5 31. Qb4 Qf8 32. Qd4 Qc5 33. Qe5 Nc7
34. Rb4 Qe7 35. Qd4 Qc5 36. Rxb6 Qxd4 37. Rxd4 Na6 38. Bd6 Kf7 39. Ba3 Rc7 40.
Rb5 Rxb5 41. axb5 Rxc3 42. Bd6 Ke6 43. Bf8 Rc1+ 44. Kh2 Nc5 45. b6 Nd7 46. Bxg7
Nxb6 47. Rb4 Nc4 48. Bd4 Rc2 49. Ra4 Rd2 50. Ra6+ Kf7 1/2-1/2

[Event "Rodovremesterskabet Gruppe A 2009"]
[Site "Rodovre"]
[Date "2009.09.08"]
[Round "2"]
[White "Smidt, Johnny"]
[Black "Andersen, Svend Erik"]
[Result "0-1"]
[WhiteElo "1656"]
[BlackElo "1814"]
[PlyCount "78"]
[EventDate "2009.??.??"]

1. e4 g6 2. d4 Bg7 3. Nc3 c6 4. a4 d5 5. Nge2 dxe4 6. Nxe4 Bg4 7. c3 Qd5 8. Qd3
e5 9. f3 Bf5 10. c4 Bxe4 11. fxe4 Qa5+ 12. Bd2 Qc7 13. d5 Nd7 14. b4 Ngf6 15.
d6 Qb8 16. a5 O-O 17. c5 Ne8 18. Bg5 b6 19. Be7 bxc5 20. Rb1 cxb4 21. Qc4 c5
22. Qd3 Nef6 23. Bxf8 Bxf8 24. Rd1 Qb7 25. Ng3 Rc8 26. Qb5 Qxb5 27. Bxb5 c4 28.
O-O Rc5 29. Bxd7 Nxd7 30. Rb1 b3 31. Rfc1 Bh6 32. Rc3 Bd2 33. Rf3 Bxa5 34. Ne2
Bb6 35. Kf1 Rc6 36. Rd1 a5 37. Nc3 Bd4 38. Nb5 c3 39. Na3 c2 0-1

[Event "Rodovremesterskabet Gruppe A 2009"]
[Site "Rodovre"]
[Date "2009.09.08"]
[Round "2"]
[White "Hjort, Helge"]
[Black "Hardarson, Gisli"]
[Result "1-0"]
[WhiteElo "1828"]
[BlackElo "1602"]
[PlyCount "73"]
[EventDate "2009.??.??"]

1. e4 e5 2. Nf3 f5 3. Nxe5 Nc6 4. Nxc6 dxc6 5. Nc3 Bd6 6. d3 Be6 7. Be2 Qd7 8.
Bg5 Ne7 9. Qd2 O-O-O 10. exf5 Bxf5 11. O-O-O Ng6 12. Ne4 Bxe4 13. dxe4 Qe6 14.
Qa5 Nf4 15. Bf3 Kb8 16. Bxd8 Rxd8 17. e5 Be7 18. Rxd8+ Bxd8 19. Kb1 Be7 20. Re1
a6 21. Qa4 g5 22. h3 h5 23. Qb3 Nd5 24. Bxh5 Bc5 25. Bg4 Qe7 26. Bf3 Qe6 27.
Rd1 Qxe5 28. Bxd5 cxd5 29. Qxd5 Qe2 30. Qf3 Qxf3 31. gxf3 Bxf2 32. Rd8+ Ka7 33.
c3 Be3 34. Kc2 c5 35. Kd3 Bc1 36. b3 Kb6 37. Rh8 1-0

[Event "Rodovremesterskabet Gruppe A 2009"]
[Site "Rodovre"]
[Date "2009.09.08"]
[Round "2"]
[White "Ohayv, Nikolaj"]
[Black "Helleshoj, Knud Erik"]
[Result "1-0"]
[WhiteElo "1800"]
[BlackElo "1599"]
[PlyCount "39"]
[EventDate "2009.??.??"]

1. e4 c5 2. Nc3 Nc6 3. f4 d6 4. g3 b6 5. Bg2 Bb7 6. Nf3 g6 7. O-O Bg7 8. d3 e6
9. f5 Bh6 10. fxe6 fxe6 11. Bxh6 Nxh6 12. Qd2 Nf7 13. Bh3 Qe7 14. a4 O-O-O 15.
Nd5 Qe8 16. Nf4 Nce5 17. Nxe6 Nxf3+ 18. Rxf3 Kb8 19. Nxd8 Nxd8 20. Qf4 1-0

[Event "Rodovremesterskabet Gruppe A 2009"]
[Site "Rodovre"]
[Date "2009.09.08"]
[Round "2"]
[White "Enemark, Bjorn"]
[Black "Bauers, Sten"]
[Result "1-0"]
[WhiteElo "1647"]
[BlackElo "1586"]
[PlyCount "159"]
[EventDate "2009.??.??"]

1. f4 e5 2. fxe5 d6 3. Nf3 dxe5 4. e4 Nc6 5. b3 Bc5 6. Bb2 Bg4 7. Be2 Bxf3 8.
Bxf3 Nd4 9. c3 Ne6 10. b4 Bb6 11. c4 Bd4 12. Bxd4 Qxd4 13. Nc3 Nf4 14. Qa4+ c6
15. Rf1 Nf6 16. g3 O-O-O 17. O-O-O Nd3+ 18. Kc2 Kb8 19. b5 Rc8 20. Rb1 Nc5 21.
Qb4 Qd3+ 22. Kb2 Qxd2+ 23. Ka3 Nd3 24. Qb3 c5 25. Rbd1 Qe3 26. Nd5 Nxd5 27.
Rxd3 Qxd3 28. Qxd3 Nb4 29. Qd6+ Ka8 30. Qxe5 Rhd8 31. Rd1 Nc2+ 32. Kb2 Nd4 33.
Qf4 f6 34. Qe3 Re8 35. Rd3 Re5 36. Rxd4 cxd4 37. Qxd4 b6 38. Bg4 Rc7 39. Qd8+
Kb7 40. Bd7 Rxc4 41. Bc6+ Rxc6 42. bxc6+ Kxc6 43. Qc8+ Kd6 44. Qf8+ Re7 45. Kc3
h6 46. Kd4 Ke6 47. Qg8+ Kd6 48. Qd5+ Kc7 49. Kc4 Rd7 50. Qa8 Kd6 51. Kb5 Rc7
52. Qf8+ Ke6 53. a3 Rc5+ 54. Ka6 Rc7 55. Qd8 Rd7 56. Qc8 Kd6 57. a4 Re7 58. Qf8
Ke6 59. a5 bxa5 60. Kxa5 Rd7 61. Qc8 Kd6 62. Kb5 Rc7 63. Qf8+ Ke6 64. Qe8+ Kd6
65. Qg8 Rb7+ 66. Kc4 Rc7+ 67. Kd4 Rd7 68. Ke3 Kc7 69. Kf4 Re7 70. h4 Rd7 71. e5
fxe5+ 72. Kxe5 Re7+ 73. Kf5 Kd6 74. g4 Re5+ 75. Kg6 Re7 76. g5 hxg5 77. Kxg5
Re5+ 78. Kg6 Re7 79. h5 Rd7 80. Qxg7 1-0

[Event "Rodovremesterskabet Gruppe A 2009"]
[Site "Rodovre"]
[Date "2009.09.15"]
[Round "3"]
[White "Helleshoj, Knud Erik"]
[Black "Hjort, Helge"]
[Result "0-1"]
[WhiteElo "1599"]
[BlackElo "1828"]
[PlyCount "42"]
[EventDate "2009.??.??"]

1. e4 e5 2. Nf3 Nc6 3. d4 exd4 4. c3 d5 5. Bb5 dxe4 6. Bxc6+ bxc6 7. Nxd4 c5 8.
Nb3 Qxd1+ 9. Kxd1 Bg4+ 10. Kc2 Nf6 11. Re1 O-O-O 12. Bg5 h6 13. Bxf6 gxf6 14.
N1d2 f5 15. Rad1 Bxd1+ 16. Rxd1 Bd6 17. g3 h5 18. Nc4 h4 19. Ne3 hxg3 20. hxg3
Rh2 21. Rd2 f4 0-1

[Event "Rodovremesterskabet Gruppe A 2009"]
[Site "Rodovre"]
[Date "2009.09.15"]
[Round "3"]
[White "Andersen, Svend Erik"]
[Black "Enemark, Bjorn"]
[Result "0-1"]
[WhiteElo "1814"]
[BlackElo "1647"]
[PlyCount "67"]
[EventDate "2009.??.??"]

1. e4 d5 2. exd5 Qxd5 3. Nc3 Qa5 4. d4 c6 5. Bd2 Qc7 6. Bc4 Bf5 7. Nf3 Nf6 8.
Ne5 e6 9. g4 Bg6 10. Nxg6 hxg6 11. Qe2 Be7 12. O-O-O Nbd7 13. Bxe6 fxe6 14. g5
Nd5 15. Qxe6 Qd6 16. Nxd5 cxd5 17. Qxd6 Bxd6 18. Rde1+ Kf7 19. Re3 Rhf8 20. Rb3
Nb6 21. Be3 Rac8 22. a4 Rc7 23. a5 Nc4 24. Rb5 Nxe3 25. fxe3 Ke6 26. b3 Rf2 27.
c4 dxc4 28. b4 Re2 29. Rf1 Rxe3 30. h4 a6 31. Rb6 Rd7 32. Rf8 Kd5 33. Ra8 Kxd4
34. b5 0-1

[Event "Rodovremesterskabet Gruppe A 2009"]
[Site "Rodovre"]
[Date "2009.09.24"]
[Round "3"]
[White "Hardarson, Gisli"]
[Black "Smidt, Johnny"]
[Result "1/2-1/2"]
[WhiteElo "1602"]
[BlackElo "1656"]
[PlyCount "46"]
[EventDate "2009.??.??"]

1. e4 c5 2. Nf3 d6 3. d4 cxd4 4. Nxd4 Nf6 5. Nc3 g6 6. Bg5 Bg7 7. Bc4 O-O 8.
O-O Bd7 9. Re1 Nc6 10. Nf3 Rc8 11. Bb3 Bg4 12. h3 Bxf3 13. Qxf3 Nd4 14. Qe3 Nc6
15. Bh6 Ne5 16. Bxg7 Kxg7 17. Qxa7 Nc4 18. Qd4 e5 19. Qd3 Nxb2 20. Qe3 Nc4 21.
Qd3 Nb2 22. Qf3 Nc4 23. Qd3 Nb2 1/2-1/2

[Event "Rodovremesterskabet Gruppe A 2009"]
[Site "Rodovre"]
[Date "2009.10.08"]
[Round "3"]
[White "Bauers, Sten"]
[Black "Ohayv, Nikolaj"]
[Result "0-1"]
[WhiteElo "1586"]
[BlackElo "1800"]
[PlyCount "54"]
[EventDate "2009.??.??"]

1. e4 e5 2. f4 exf4 3. Nf3 g5 4. d4 h5 5. Bc4 d6 6. O-O Bh6 7. e5 d5 8. Bb3 Be6
9. Bd2 Ne7 10. Bb4 Nf5 11. Qd3 c6 12. a4 Na6 13. Ba3 Qb6 14. Kh1 g4 15. Ng1
Qxd4 16. Nd2 Qxd3 17. cxd3 c5 18. Rf2 b6 19. Rd1 O-O-O 20. Ne2 Ne3 21. Rc1 g3
22. hxg3 Ng4 23. Rxf4 Nxe5 24. Rc2 Nxd3 25. Rd4 Nf2+ 26. Kg1 Be3 27. Rh4 Ne4+
0-1

[Event "Rodovremesterskabet Gruppe A 2009"]
[Site "Rodovre"]
[Date "2009.09.22"]
[Round "4"]
[White "Smidt, Johnny"]
[Black "Enemark, Bjorn"]
[Result "1/2-1/2"]
[WhiteElo "1656"]
[BlackElo "1647"]
[PlyCount "56"]
[EventDate "2009.??.??"]

1. e4 d5 2. exd5 Qxd5 3. Nc3 Qa5 4. d4 c6 5. g3 Nf6 6. Bg2 Bf5 7. Bd2 Qd8 8.
Nf3 e6 9. O-O Be7 10. Re1 O-O 11. a4 Na6 12. Nh4 Bg4 13. Nf3 Nb4 14. Ne2 Nfd5
15. Ne5 Bf5 16. Rc1 Na2 17. Ra1 Nab4 18. c4 Nf6 19. Bxb4 Bxb4 20. Nc3 Qc7 21.
g4 Bg6 22. Nxg6 hxg6 23. Qf3 Rad8 24. Red1 Bd6 25. h3 Nh7 26. h4 Nf6 27. a5 a6
28. c5 Bh2+ 1/2-1/2

[Event "Rodovremesterskabet Gruppe A 2009"]
[Site "Rodovre"]
[Date "2009.09.22"]
[Round "4"]
[White "Hjort, Helge"]
[Black "Bauers, Sten"]
[Result "1/2-1/2"]
[WhiteElo "1828"]
[BlackElo "1586"]
[PlyCount "112"]
[EventDate "2009.??.??"]

1. d4 Nf6 2. c4 e5 3. dxe5 Ng4 4. Nf3 Nc6 5. e3 Ngxe5 6. Be2 d6 7. Nc3 Bf5 8.
O-O Be7 9. Nd4 Bg6 10. f4 h6 11. fxe5 Nxe5 12. Nf5 Bf6 13. Nd5 Bxf5 14. Rxf5
Bg5 15. e4 c6 16. Bxg5 hxg5 17. Ne3 Qe7 18. Ng4 O-O-O 19. Nxe5 dxe5 20. Qf1 f6
21. Bg4 Kc7 22. Qf2 Rd4 23. Rf3 Rxe4 24. Bf5 Rd4 25. Rd3 Rhd8 26. Rad1 c5 27.
Rxd4 cxd4 28. Be4 b6 29. a3 Qc5 30. Bd5 Qe7 31. Qc2 Kb8 32. Qe4 Qc7 33. b4 Qd6
34. g3 Rd7 35. Qh7 Qe7 36. Bg2 Qd6 37. Qg8+ Kc7 38. c5 bxc5 39. Rc1 d3 40.
Rxc5+ Kb6 41. Qc4 Qd4+ 42. Qxd4 Rxd4 43. Bf3 e4 44. Bd1 e3 45. Kf1 Re4 46. Rd5
e2+ 47. Bxe2 Rxe2 48. Rxd3 Rxh2 49. Rd6+ Kc7 50. Ra6 Kb7 51. Re6 Ra2 52. Re7+
Kb6 53. Rxg7 Rxa3 54. Kf2 Rc3 55. Rf7 Rc6 56. b5 Kxb5 1/2-1/2

[Event "Rodovremesterskabet Gruppe A 2009"]
[Site "Rodovre"]
[Date "2009.09.22"]
[Round "4"]
[White "Hardarson, Gisli"]
[Black "Helleshoj, Knud Erik"]
[Result "1-0"]
[WhiteElo "1602"]
[BlackElo "1599"]
[PlyCount "93"]
[EventDate "2009.??.??"]

1. Nf3 Nc6 2. d4 d5 3. e3 Nf6 4. c4 dxc4 5. Bxc4 e6 6. O-O Be7 7. Nc3 O-O 8. e4
b6 9. a3 Na5 10. Ba2 c5 11. dxc5 Bxc5 12. b4 Ba6 13. bxc5 Bxf1 14. Qxd8 Rfxd8
15. Kxf1 Rac8 16. Be3 Ng4 17. Re1 Nxe3+ 18. Rxe3 Rxc5 19. Ke2 g6 20. Rd3 Rdc8
21. Kd2 Nb7 22. Nd4 Nd6 23. f3 Nc4+ 24. Bxc4 Rxc4 25. Ndb5 R4c5 26. Nxa7 R8c7
27. Rd8+ Kg7 28. Nab5 R7c6 29. f4 Kf6 30. g4 Ke7 31. Rd3 h5 32. h3 hxg4 33.
hxg4 Rc4 34. Rd4 R4c5 35. e5 g5 36. Rd6 gxf4 37. Rxc6 Rxc6 38. Kd3 f6 39. Nd4
Rc5 40. exf6+ Kxf6 41. Ne4+ Ke5 42. Nf3+ Kd5 43. Nxc5 Kxc5 44. g5 Kd5 45. g6 e5
46. Nxe5 Kxe5 47. g7 1-0

[Event "Rodovremesterskabet Gruppe A 2009"]
[Site "Rodovre"]
[Date "2009.09.22"]
[Round "4"]
[White "Ohayv, Nikolaj"]
[Black "Andersen, Svend Erik"]
[Result "0-1"]
[WhiteElo "1800"]
[BlackElo "1814"]
[PlyCount "98"]
[EventDate "2009.??.??"]

1. e4 e6 2. Nc3 b6 3. f4 Bb7 4. Nf3 Bb4 5. d3 d5 6. Bd2 Ne7 7. e5 d4 8. Ne4
Bxd2+ 9. Qxd2 Nbc6 10. Be2 Nf5 11. O-O Ne3 12. Rfc1 f5 13. Nf2 Qd5 14. c4 Qd7
15. Nd1 Ng4 16. h3 Nh6 17. Ng5 Nf7 18. Nxf7 Kxf7 19. Bf3 h6 20. b4 Rag8 21. g4
g5 22. Nf2 gxf4 23. Qxf4 Nd8 24. Bxb7 Nxb7 25. Kh2 Ke7 26. gxf5 exf5 27. Rg1 c5
28. b5 Qe6 29. Raf1 Nd8 30. Nh1 Nf7 31. Rxg8 Rxg8 32. Ng3 Qxe5 33. Nxf5+ Ke6
34. Ng3 Qxf4 35. Rxf4 Ne5 36. Re4 Rf8 37. Kg2 Kd6 38. Rh4 Nxd3 39. Rxh6+ Ke5
40. Rh5+ Kf4 41. Rh7 Rg8 42. Rf7+ Ke3 43. h4 Nf4+ 44. Kh2 Kf3 45. Nh5 Rg2+ 46.
Kh1 Rg4 47. Nxf4 Rxf4 48. Rxa7 Kf2 49. Rh7 d3 0-1

[Event "Rodovremesterskabet Gruppe A 2009"]
[Site "Rodovre"]
[Date "2009.09.29"]
[Round "5"]
[White "Helleshoj, Knud Erik"]
[Black "Smidt, Johnny"]
[Result "0-1"]
[WhiteElo "1599"]
[BlackElo "1656"]
[PlyCount "88"]
[EventDate "2009.??.??"]

1. e4 c5 2. Nf3 Nc6 3. d4 cxd4 4. Nxd4 Nf6 5. Nc3 g6 6. Be2 Bg7 7. O-O O-O 8.
Be3 d5 9. exd5 Nxd5 10. Nxd5 Qxd5 11. Nxc6 Qxc6 12. c3 Bf5 13. Bf3 Qb5 14. Qe2
Bd3 15. Qd2 Bxf1 16. Rxf1 Rfd8 17. Qc2 Qa5 18. a3 Rd7 19. Re1 Rad8 20. Bg4 f5
21. Bf3 Kh8 22. Bg5 Qc5 23. Be3 Qc7 24. Qb3 b6 25. Qc2 h6 26. Qc1 Kh7 27. Bf4
e5 28. Bg3 Bf6 29. h3 Qc5 30. b4 Qc7 31. Bh2 b5 32. Be2 Rd2 33. Kf1 a6 34. c4
bxc4 35. Bxc4 Qb6 36. Be2 R8d7 37. Qc5 Qxc5 38. bxc5 Rc2 39. Bxa6 Rxc5 40. a4
Rd2 41. Bb5 Bh4 42. g3 Bf6 43. Bg1 Rcc2 44. Re2 Rd1+ 0-1

[Event "Rodovremesterskabet Gruppe A 2009"]
[Site "Rodovre"]
[Date "2009.09.29"]
[Round "5"]
[White "Andersen, Svend Erik"]
[Black "Hjort, Helge"]
[Result "0-1"]
[WhiteElo "1814"]
[BlackElo "1828"]
[PlyCount "106"]
[EventDate "2009.??.??"]

1. e4 c5 2. Nc3 Nc6 3. f4 g6 4. Nf3 Bg7 5. Bc4 e6 6. O-O Nge7 7. d3 d5 8. Bb5
O-O 9. Bxc6 Nxc6 10. e5 Bd7 11. Kh1 Ne7 12. Bd2 Bc6 13. Qe2 b5 14. Rae1 b4 15.
Nd1 Nf5 16. Qf2 d4 17. Kg1 h5 18. Ng5 a5 19. Ne4 Qe7 20. Qe2 Bd5 21. Ndf2 Rfc8
22. g4 hxg4 23. Nxg4 Qh4 24. Ngf6+ Bxf6 25. Nxf6+ Kg7 26. Nxd5 exd5 27. Qg2 Rh8
28. e6 Qh3 29. exf7 Qxg2+ 30. Kxg2 Kxf7 31. Re5 Rad8 32. Kg1 Rhe8 33. Rfe1 Rxe5
34. Rxe5 a4 35. Kf2 Re8 36. Rxe8 Kxe8 37. Kf3 Ke7 38. Be1 Ke6 39. Bf2 Kf6 40.
Ke2 Ng7 41. Kd2 Kf5 42. c3 bxc3+ 43. bxc3 Ne6 44. cxd4 cxd4 45. Kc2 Kxf4 46.
Bg3+ Ke3 47. Bh4 g5 48. Be1 Ke2 49. Bg3 g4 50. Bd6 Ke3 51. Be7 Ng7 52. Bf6 Nf5
53. Be5 Ke2 0-1

[Event "Rodovremesterskabet Gruppe A 2009"]
[Site "Rodovre"]
[Date "2009.09.29"]
[Round "5"]
[White "Bauers, Sten"]
[Black "Hardarson, Gisli"]
[Result "1/2-1/2"]
[WhiteElo "1586"]
[BlackElo "1602"]
[PlyCount "82"]
[EventDate "2009.??.??"]

1. e4 e5 2. f4 d6 3. Nf3 Nc6 4. d4 Bg4 5. c3 Bxf3 6. Qxf3 exd4 7. Bb5 d3 8. Be3
a6 9. Ba4 b5 10. Bb3 Nge7 11. O-O Qd7 12. Nd2 h5 13. a4 Na5 14. e5 d5 15. axb5
Nxb3 16. Nxb3 Qxb5 17. Nc5 Nf5 18. b4 Rh6 19. Qxd5 Rd8 20. Qe4 Nxe3 21. Qxe3
Qc4 22. Ne4 Be7 23. f5 f6 24. exf6 Rxf6 25. Nxf6+ gxf6 26. Qd2 c5 27. Rfe1 Kf7
28. Qa2 Qxa2 29. Rxa2 cxb4 30. cxb4 Bxb4 31. Rd1 a5 32. h3 d2 33. Kf2 Rd5 34.
g4 hxg4 35. hxg4 Re5 36. Rdxd2 Bxd2 37. Rxd2 Ke7 38. Rd4 Rc5 39. Ke3 Rb5 40.
Ra4 Kd6 41. Kd3 Rd5+ 1/2-1/2

[Event "Rodovremesterskabet Gruppe A 2009"]
[Site "Rodovre"]
[Date "2009.09.29"]
[Round "5"]
[White "Enemark, Bjorn"]
[Black "Ohayv, Nikolaj"]
[Result "0-1"]
[WhiteElo "1647"]
[BlackElo "1800"]
[PlyCount "141"]
[EventDate "2009.??.??"]

1. d4 d5 2. Nf3 Nf6 3. e3 Bg4 4. Nbd2 Nbd7 5. Be2 c6 6. O-O e6 7. c4 Bd6 8. Qc2
O-O 9. b3 Rc8 10. e4 dxe4 11. Nxe4 Nxe4 12. Qxe4 Nf6 13. Qc2 Bb8 14. Rd1 Bf5
15. Bd3 Bxd3 16. Qxd3 Qc7 17. g3 h6 18. Bb2 Rcd8 19. Qe2 Rfe8 20. Rac1 Qa5 21.
Bc3 Qh5 22. Kg2 Qg4 23. Ng1 Qg6 24. Nf3 h5 25. Re1 Ng4 26. Nh4 Qh6 27. h3 Nf6
28. Bd2 Qh7 29. Nf3 Qf5 30. Nh4 Qh7 31. Nf3 Bc7 32. Bc3 Bd6 33. Qc2 Qxc2 34.
Rxc2 Be7 35. Rce2 Nd7 36. d5 cxd5 37. cxd5 Nc5 38. dxe6 Nxe6 39. Re4 b6 40. Ba1
Bc5 41. R1e2 Rd1 42. Bb2 Red8 43. b4 Bf8 44. a3 g6 45. h4 Bg7 46. Bxg7 Kxg7 47.
R4e3 Nd4 48. Nxd4 R8xd4 49. Re7 Rd7 50. R7e3 R7d3 51. Rxd3 Rxd3 52. Re3 Rxe3
53. fxe3 Kf6 54. Kf3 Ke5 55. g4 hxg4+ 56. Kxg4 f6 57. Kf3 b5 58. Kf2 Ke4 59.
Ke2 f5 60. Kf2 f4 61. exf4 Kxf4 62. Ke2 Kg4 63. Ke3 Kxh4 64. Kd4 g5 65. Kc5 g4
66. Kxb5 g3 67. Ka6 g2 68. Kxa7 g1=Q+ 69. Ka6 Qa1 70. b5 Qxa3+ 71. Kb7 0-1

[Event "Rodovremesterskabet Gruppe A 2009"]
[Site "Rodovre"]
[Date "2009.10.06"]
[Round "6"]
[White "Helleshoj, Knud Erik"]
[Black "Bauers, Sten"]
[Result "1-0"]
[WhiteElo "1599"]
[BlackElo "1586"]
[PlyCount "103"]
[EventDate "2009.??.??"]

1. e4 c5 2. Nf3 Nc6 3. d4 cxd4 4. Nxd4 g6 5. Nc3 Bg7 6. Be3 a6 7. a3 e6 8. Bc4
Nge7 9. O-O O-O 10. f4 d5 11. exd5 exd5 12. Be2 Be6 13. Bf3 Qc7 14. Qd2 Rad8
15. Nce2 Nf5 16. Nxf5 gxf5 17. c3 Rfe8 18. Nd4 Bh6 19. g3 Bg7 20. Rae1 Nb8 21.
Bh5 Re7 22. Qd3 Qc8 23. Bf3 Ree8 24. Bg2 Nd7 25. b4 Nf6 26. Nxe6 fxe6 27. Bd4
Kf7 28. Bf3 Rh8 29. Rc1 b5 30. Ra1 Ne4 31. Bxg7 Kxg7 32. Qd4+ Kg6 33. Rfc1 h5
34. a4 Rh7 35. axb5 axb5 36. Ra5 Rc7 37. Rxb5 Rxc3 38. Rxc3 Qxc3 39. Qxc3 Nxc3
40. Rc5 d4 41. Rc6 Kf6 42. Bxh5 Rd5 43. Rc5 Rd6 44. b5 Ne4 45. Rc6 d3 46. Rxd6
Nxd6 47. b6 e5 48. fxe5+ Kxe5 49. Kf2 Ne4+ 50. Ke3 Kd6 51. Kxd3 Kc6 52. Bf3 1-0

[Event "Rodovremesterskabet Gruppe A 2009"]
[Site "Rodovre"]
[Date "2009.10.06"]
[Round "6"]
[White "Hardarson, Gisli"]
[Black "Andersen, Svend Erik"]
[Result "1/2-1/2"]
[WhiteElo "1602"]
[BlackElo "1814"]
[PlyCount "81"]
[EventDate "2009.??.??"]

1. Nf3 d5 2. c4 c6 3. d4 Nf6 4. Nc3 g6 5. b3 Bg7 6. g3 O-O 7. Bd2 Ne4 8. Bg2
Bg4 9. cxd5 cxd5 10. Ne5 Bxe5 11. dxe5 Nxd2 12. Qxd2 Qa5 13. Nxd5 Qxd2+ 14.
Kxd2 Rd8 15. Ke1 Nc6 16. Ne3 Nd4 17. f3 Bf5 18. Rc1 Rd7 19. Kf2 Rad8 20. Rhd1
Nc6 21. f4 Rxd1 22. Rxd1 Rxd1 23. Nxd1 Nb4 24. Nc3 b6 25. Nd5 Nxd5 26. Bxd5 Kf8
27. e4 Bd7 28. a4 e6 29. Bc4 Ke7 30. g4 Kd8 31. h3 Kc7 32. Kf3 b5 33. axb5 Kb6
34. Ke3 Bxb5 35. Kd4 a5 36. h4 a4 37. bxa4 Bxa4 38. f5 Bd7 39. fxg6 fxg6 40.
Ke3 Kc5 41. Bb3 1/2-1/2

[Event "Rodovremesterskabet Gruppe A 2009"]
[Site "Rodovre"]
[Date "2009.10.06"]
[Round "6"]
[White "Hjort, Helge"]
[Black "Enemark, Bjorn"]
[Result "1/2-1/2"]
[WhiteElo "1828"]
[BlackElo "1647"]
[PlyCount "102"]
[EventDate "2009.??.??"]

1. d4 f5 2. Nf3 Nf6 3. Bg5 e6 4. Nbd2 d5 5. e3 Be7 6. Ne5 O-O 7. Be2 Nbd7 8.
Ndf3 Nxe5 9. Nxe5 Nd7 10. Bxe7 Qxe7 11. Nd3 c6 12. f4 Nf6 13. O-O Bd7 14. Ne5
Be8 15. c4 Nd7 16. Nxd7 Bxd7 17. c5 b5 18. b4 a6 19. a4 Qd8 20. Qc2 Qf6 21. Ra3
Rfb8 22. axb5 axb5 23. Qa2 Qd8 24. Ra1 Rxa3 25. Qxa3 Qc7 26. h3 Bc8 27. Kf2 Bb7
28. Qa5 Qc8 29. Qb6 Ba8 30. Qa7 Bb7 31. Ra5 g6 32. g3 Kh8 33. g4 Kg8 34. Kg3
Kh8 35. h4 Kg8 36. h5 Kh8 37. h6 Kg8 38. Kf2 Kf8 39. Qb6 Qd8 40. Qxd8+ Rxd8 41.
Ra7 Rd7 42. Kg3 Re7 43. Kh4 Kf7 44. Kg5 Rd7 45. Bd3 Re7 46. Bc2 Rd7 47. Bb3 Re7
48. Bd1 Rd7 49. Be2 Re7 50. Ra1 Rd7 51. Ra3 Re7 1/2-1/2

[Event "Rodovremesterskabet Gruppe A 2009"]
[Site "Rodovre"]
[Date "2009.10.06"]
[Round "6"]
[White "Smidt, Johnny"]
[Black "Ohayv, Nikolaj"]
[Result "1/2-1/2"]
[WhiteElo "1656"]
[BlackElo "1800"]
[PlyCount "117"]
[EventDate "2009.??.??"]

1. e4 e5 2. Nf3 Nc6 3. Bb5 a6 4. Ba4 Nf6 5. d4 exd4 6. e5 Nd5 7. O-O Be7 8.
Nxd4 Nxd4 9. Qxd4 Nb6 10. Bb3 O-O 11. a4 d6 12. a5 Nd7 13. e6 fxe6 14. Bxe6+
Kh8 15. Nc3 Bf6 16. Qd5 Bxc3 17. bxc3 Nf6 18. Qb3 Bxe6 19. Qxe6 Qe8 20. Qxe8
Rfxe8 21. Rb1 Rab8 22. Be3 Re5 23. Ba7 Rc8 24. Rxb7 Rxa5 25. Rfb1 Nd7 26. Kf1
Kg8 27. R7b4 Re8 28. Rb7 Rc8 29. Ke1 Re5+ 30. Kf1 Ra5 31. Ke2 Kf7 32. f4 Nf6
33. Bb6 Ra2 34. Bxc7 Rxc2+ 35. Kf1 Kg6 36. Bb6 R8xc3 37. Bd4 Rc1+ 38. Rxc1
Rxc1+ 39. Ke2 Rc2+ 40. Kf3 a5 41. Rb6 Rc4 42. Bxf6 Kxf6 43. Rxd6+ Ke7 44. Ra6
a4 45. Kg4 Kf7 46. g3 Rd4 47. Kg5 Rd5+ 48. Kg4 Rd4 49. h4 Rc4 50. h5 h6 51. Ra5
Rd4 52. Kf5 Rc4 53. Ra7+ Kg8 54. g4 Rc5+ 55. Ke6 Rc4 56. Kf5 Rc5+ 57. Ke6 Rc4
58. Kf5 Rc5+ 59. Ke4 1/2-1/2

[Event "Rodovremesterskabet Gruppe A 2009"]
[Site "Rodovre"]
[Date "2009.10.01"]
[Round "7"]
[White "Enemark, Bjorn"]
[Black "Hardarson, Gisli"]
[Result "1/2-1/2"]
[WhiteElo "1647"]
[BlackElo "1602"]
[PlyCount "66"]
[EventDate "2009.??.??"]

1. d4 Nf6 2. Nf3 d5 3. e3 e6 4. Bd3 c5 5. c4 Nc6 6. a3 cxd4 7. cxd5 exd5 8.
Nxd4 Bc5 9. Nxc6 bxc6 10. O-O Bd6 11. g3 O-O 12. Qc2 c5 13. Nd2 Re8 14. Nf3 Bg4
15. Be2 Ne4 16. Nh4 Be6 17. Rd1 Qf6 18. Bf1 g5 19. Ng2 Rab8 20. Bd3 Bf5 21. Rf1
c4 22. Bxe4 Bxe4 23. Qd1 Bf3 24. Qc2 h5 25. Ne1 Be4 26. Qd1 g4 27. f3 gxf3 28.
Nxf3 Qg6 29. Nh4 Qg5 30. Nf3 Qg4 31. Nd4 Qh3 32. Qd2 Bxg3 33. Nf3 -- 1/2-1/2